01278nkm a22002537a 45000010006000000050017000060070007000230080041000300400024000712450084000952600045001793000056002245000060002805000162003405000060005026000053005626550042006157100035006578520012006928560150007049420020008549520133008749990017010078581320260421102117.0kf bc 260416s18991904sp ||||| |||| |0| i|spa d aM-RABAbspacM-RABA11a[Retrato de Johann Heinrich Pestalozzi]c/ Hauser y Meneth[Material gráfico] a: Madridb: Hauser y Menetc[1899-1904?] a1 fotografíab: Fototipiac; imagen 22,5 x 16 cm 00aFotograbado del retrato de Johann Heinrich Postalozzi. 00aObra original de Francisco Javier Ramos y Albertos, conservada en el Museo de la Real Academia de Bellas Artes de San Fernando (número de inventario 0700).00aFechas tomadas del mayor auge del estudio fotográfico17aPestalozzi, Johann Heinrich (d1746-1827)970460 7aFotografías de obras de arte9756752 aHauser y Menet (Madrid)950978 jFot-657 uhttps://archivoybiblioteca.realacademiabellasartessanfernando.com/cgi-bin/koha/opac-retrieve-file.pl?id=9fe6214aae6b1e6a133e6569d9400704yFot-657 cFOTOGRAFÍAn0 00102ddc40708FOTOGRAFIAaRABASFbRABASFcDP2d2026-04-16l0oFot-657p1096928r2026-04-16 13:26:39w2026-04-16yFOTOGRAFÍA c85813d85813